Регионална библиотека "Любен Каравелов" - Русе

Всичко отначало (Запис номер 136016)

MARC детайли
000 -Лидер
Контролно поле с фиксирана дължина 00989nam a2200277 c 4500
003 - Код на организацията, давaща контролен номер
Контролно поле BLK
005 - Дата и час на последна редакция
Контролно поле 20180422111934.0
008 - Елементи от данни с фиксирана дължина
fixed length control field 180409b bul|||||r ||||||| ||bul||
010 ## - Наследен системен номер
LC control number KNG00141951000
040 ## - Източник на каталожния запис
Идентификатор на билиотеката - собственик на записа BLK
041 ## - Код за език
Код за езика на текст/звукозапис или на отделно заглавие Български
Код за езика КДБФ Български
080 ## - УДК
Текстов определител УДК Българска литература
УДК код - определител по УДК 821.163.2
УДК определител -31
УДК - код + определител 821.163.2-31
100 1# - Редна дума - Автор
Автор Голев, Владимир Иванов
Авторска отговорност първи автор
R(LIN) 365746
139 ## - Редно поле
Редна дума Голев, Владимир Иванов
Авторски знак Гол - Г 63
245 10 - Сведения за заглавието
Заглавие Всичко отначало
Подзаглавни данни Неизмислен роман
Редно поле (дума) Владимир Иванов Голев.
257 ## - Страна на издаване
Страна на създаване/издаване България
260 ## - Област на издателските данни
-- София
Име на издателя, разпространителя и проч. Партиздат
Година на издаване 1985
300 ## - Физическа характеристика
Страници 248 с.
Размери/Мащаб 21 см
380 ## - Жанр
Жанр Худож. лит.
500 ## - Общи забележки
Забележка 9 110 тир.
852 ## - Местоположение
Форматна сигнатура Цб 132302
856 4# - Електронен адрес и достъп
Електронен формат pdf - файл
Път до файла /url/
856 4# - Електронен адрес и достъп
Електронен формат pdf - файл
Път до файла /url/
942 ## - АРТИКУЛИ
Вид на библиотечния материал Книги
Скрит в OPAC Не
944 ## - СЪЗДАВАНЕ И РЕДАКЦИЯ на ЗАПИСА
Създаване/Редакция Създаване
Дата на регистрацията/редакция 12.04.2013
Статус, дата на статуса 12.04.2013 - от С1,Р / 12.04.2013
Служител, извършил регистрацията/редакцията Севдалина_Василева
944 ## - СЪЗДАВАНЕ И РЕДАКЦИЯ на ЗАПИСА
Създаване/Редакция Редакция
Дата на регистрацията/редакция 12.04.2013
Статус, дата на статуса 12.04.2013 - от С1,Р / 12.04.2013
Служител, извършил регистрацията/редакцията
999 ## - СИСТЕМНИ КОНТРОЛНИ НОМЕРА
Koha biblionumber 136016
Koha biblioitemnumber 136016
Наличности
Код за отписване Код за изгубен артикул Източник на класификационната схема Код за повреда Коз за рестрикции Код за отдаване Артикулен № Име на библиотеката - собственик Име на библиотеката, в която се намира в момента Статус (Текущо местоположение) Дата на вписване в системата Местоположение - отдел Цена в лева Инвентарен номер Систематично азбучна сигнатура Баркод Номер на екземпляра Цена в евро Служебна бележка Служебен тип на артикула Бележка за публиката
  Не е изгубен Universal Decimal Classification Не е повреден без рестрикции ползва се в читалня 222333 Регионална библиотека "Любен Каравелов" Русе Регионална библиотека "Любен Каравелов" Русе Хранилище 1985-01-01 Хранилище 1.87 421035 Цб 132302 900000010882 1 0.96 Дост: Dp Вид: Д N: стар фонд Дата: 01.01.1985 Книги  
Изтеглен Не е изгубен Universal Decimal Classification Не е повреден без рестрикции заемане за дома 222334 Регионална библиотека "Любен Каравелов" Русе Регионална библиотека "Любен Каравелов" Русе Заемна - подръчен фонд 1985-01-01 Заемна - подръчен фонд 1.87 421692 П 886.7-31/Г 63 421692 2 0.96 Дост: Pk Вид: Ф N: стар фонд Дата: 01.01.1985 Книги  
Изтеглен Не е изгубен   Не е повреден без рестрикции заемане за дома 222335 Регионална библиотека "Любен Каравелов" Русе Регионална библиотека "Любен Каравелов" Русе   1985-01-01 Заемна - подръчен фонд 1.87 421693 П 886.7-31/Г 63 421693 3 0.96 Дост: Pk Вид: Ф N: стар фонд Дата: 01.01.1985 Книги Отч.N: 5 , Дата: 19.01.2018
Изтеглен Не е изгубен Universal Decimal Classification Не е повреден без рестрикции заемане за дома 222336 Регионална библиотека "Любен Каравелов" Русе Регионална библиотека "Любен Каравелов" Русе Заемна - подръчен фонд 1985-01-01 Заемна - подръчен фонд 0.00 421695 П 886.7-31/Г 63 421695 4 0.00 Дост: Pk Вид: Ф N: стар фонд Дата: 01.01.1985 Книги  
Vip Innovations Ltd, Rousse, Bulgaria 2025